The French Powder Mystery

Spremljeno u:
Bibliografski detalji
Glavni autor: Queen, Ellery
Format: Knjiga
Jezik:Undetermined
Izdano: New York, Estados Unidos Pocket Books 1941
Teme:
Oznake: Dodaj oznaku
Bez oznaka, Budi prvi tko označuje ovaj zapis!

MARC

LEADER 00000nam a2200000Ia 4500
008 170316s9999 xx 000 0 und d
999 |c 28831  |d 28831 
040 |a cru BVZT 
090 |a F-810 Q-1f 
100 |a Queen, Ellery 
245 4 |a The French Powder Mystery 
260 |a New York, Estados Unidos 
260 |b Pocket Books 
260 |c 1941 
300 |a 326 páginas 
650 |a LITERATURA ESTADOUNIDENSE  |9 25 
650 |a FICCIÓN  |9 26 
942 |c 15 D  |h F-810 Q-1f  |2 z